Top 15 dei paesi con decessi Covid-19 - 28 agosto - Statistics

Statistiche generali
  • Questo quiz è stato fatto 4 volte
  • Il punteggio medio è 15 su 19
Statistiche sulle risposte
paese % Corretto
Belgio
100%
Brasile
100%
Cile
100%
Ecuador
100%
Francia
100%
Italia
100%
Messico
100%
Perù
100%
Regno Unito
100%
Russia
100%
Spagna
100%
Stati Uniti
100%
Bolivia
50%
Colombia
50%
India
50%
Iran
50%
Sudafrica
50%
Svezia
50%
Panama
0%
Nessun quiz corrispondente trovato
Distribuzione punteggi
Percentuale di utenti per punteggio
Percentile per numero di risposta
I tuoi punteggi nel tempo
Non hai fatto questo quiz